General Botany / (Record no. 68432)
[ view plain ]
| 000 -LEADER | |
|---|---|
| fixed length control field | 00654nam a2200241 a 4500 |
| 001 - CONTROL NUMBER | |
| control field | 68432 |
| 003 - CONTROL NUMBER IDENTIFIER | |
| rucl marc code | BD-RjUL |
| 005 - DATE AND TIME OF LATEST TRANSACTION | |
| control field | 20211209081755.0 |
| 008 - FIXED-LENGTH DATA ELEMENTS--GENERAL INFORMATION | |
| fixed length control field | 170403s1964 ii a|||| |||| 001 0 eng d |
| 035 ## - SYSTEM CONTROL NUMBER | |
| System control number | (BD-RjUL)68642 |
| 040 ## - CATALOGING SOURCE | |
| Original cataloging agency | BD-RjUL |
| Language of cataloging | eng |
| Transcribing agency | BD-RjUL |
| Modifying agency | BD-RjUL |
| 041 ## - LANGUAGE CODE | |
| Language code of text/sound track or separate title | eng |
| 082 ## - DEWEY DECIMAL CLASSIFICATION NUMBER | |
| Edition number | 23 |
| Classification number | 581 |
| Author mark and year | MUG 1964 |
| 100 1# - MAIN ENTRY--PERSONAL NAME | |
| Personal name | Mukherji, H. |
| 9 (RLIN) | 196491 |
| 245 1# - TITLE STATEMENT | |
| Title | General Botany / |
| Statement of responsibility, etc. | H. Mukherji and A. K. Ganguly |
| 250 ## - EDITION STATEMENT | |
| Edition statement | 3rd ed. |
| 260 ## - PUBLICATION, DISTRIBUTION, ETC. (IMPRINT) | |
| Place of publication, distribution, etc. | Culcutta : |
| Name of publisher, distributor, etc. | The New Book Stall, |
| Date of publication, distribution, etc. | c1964. |
| 300 ## - PHYSICAL DESCRIPTION | |
| Pagination | 501 p. : |
| Illustrations | ill. ; |
| Size | 21cm. |
| 500 ## - GENERAL NOTE | |
| General note | Includes Index |
| 650 ## - SUBJECT ADDED ENTRY--TOPICAL TERM | |
| Topical term or geographic name as entry element | Botany |
| 9 (RLIN) | 198182 |
| 700 ## - ADDED ENTRY--PERSONAL NAME | |
| Personal name | Ganguly, A. K. |
| 942 ## - ADDED ENTRY ELEMENTS (KOHA) | |
| Source of classification or shelving scheme | Dewey Decimal Classification |
| Koha item type | Books |
| Lost status | Source of classification or shelving scheme | Damaged status | Not for loan | Collection code | Permanent Location | Current Location | Shelving location | Date acquired | Source of acquisition | Cost, normal purchase price | Total Checkouts | Full call number | Date last seen | Copy number | Koha item type |
|---|---|---|---|---|---|---|---|---|---|---|---|---|---|---|---|
| Dewey Decimal Classification | Not For Loan | Non-fiction | Central Library, University of Rajshahi | Central Library, University of Rajshahi | Reading Room | 15/03/1967 | Rajshahi Court | 15.00 | 581 MUG 1964 | 03/04/2017 | C-1 | Books |